Discurso sobre la importancia, forma, y disposición de la Recopilación de Leyes de las Indias Occidentales que en su Real Consejo presenta el licenciado Antonio de León. 1623.
Saved in:
| Hovedforfatter: | |
|---|---|
| Andre forfattere: | , |
| Format: | Bog |
| Sprog: | spansk |
| Udgivet: |
Santiago, Chile:
Fondo Histórico y Bibliográfico José Toribio Medina,
1956.
|
| Fag: | |
| Tags: |
Tilføj Tag
Ingen Tags, Vær først til at tagge denne postø!
|
MARC
| LEADER | 00000nam a2200000 a 4500 | ||
|---|---|---|---|
| 001 | UCS9198 | ||
| 003 | CL-VaPUC | ||
| 005 | 20220822114333.0 | ||
| 008 | 971113e19560000CL |||||||||||||||||spa|d | ||
| 999 | |c 263192 |d 263190 | ||
| 040 | |c Pontificia Universidad Católica de Valparaíso | ||
| 082 | 0 | 4 | |a 340.098 LEO 1956 |2 21 |
| 100 | |a León Pinelo, Antonio de |e autor |9 517181 | ||
| 245 | 1 | 0 | |a Discurso sobre la importancia, forma, y disposición de la Recopilación de Leyes de las Indias Occidentales que en su Real Consejo presenta el licenciado Antonio de León. |b 1623. |
| 260 | |a Santiago, Chile: |b Fondo Histórico y Bibliográfico José Toribio Medina, |c 1956. | ||
| 300 | |a XIX, 176 páginas. | ||
| 500 | |a c.5 Donación Familia Prof. Alejandro Guzmán Brito. | ||
| 583 | |a last modification |c 19971113 00:00:00 |k Rodrigo Vera | ||
| 650 | 0 | |a Derecho Indiano |9 256266 |z Indias occidentales | |
| 650 | 0 | |a Derecho eclesiástico |9 255055 | |
| 700 | |a Medina, José Toribio |9 864577 |e estudios bibliográficos | ||
| 700 | |a Almeyda, Aniceto |9 864456 |e prólogo | ||
| 942 | |c BK |2 ddc |n 0 | ||
| 945 | |d 19971113 00:00:00 |a cmena | ||
| 952 | |0 0 |1 0 |4 0 |6 340_098000000000000_LEO_1956 |7 0 |8 DER_HDC |9 292334 |a BIBDER |b BIBDER |d 2019-11-19 |i 1900587 |o 340.098 LEO 1956 |p 1900587 |r 2023-01-25 |w 2019-11-19 |x Ubicación 4to Piso |y BK |z Estos recursos deben solicitarse con anticipación |k DER | ||
| 952 | |0 0 |1 0 |4 0 |6 340_098000000000000_LEO_1956 |7 0 |8 A |9 292335 |a BIBHIS |b BIBHIS |d 2019-11-19 |i 1258117 |l 1 |o 340.098 LEO 1956 |p 1258117 |r 2025-01-20 |s 2022-09-22 |w 2019-11-19 |y BK |k HIS | ||
| 952 | |0 0 |1 0 |4 0 |6 340_098000000000000_LEO_1956 |7 0 |8 A |9 292336 |a BIBHIS |b BIBHIS |d 2019-11-19 |i 1258125 |o 340.098 LEO 1956 |p 1258125 |r 2025-01-20 |w 2019-11-19 |y BK |k HIS | ||
| 952 | |0 0 |1 0 |4 0 |6 340_098000000000000_LEO_1956 |7 0 |8 X |9 292337 |a FDOBUD |b FDOBUD |d 2019-11-19 |i 4787374 |o 340.098 LEO 1956 |p 4787374 |r 2019-11-19 |w 2019-11-19 |y BK_X |k BUD | ||